000 00661nam a2200241Ia 4500
003 OSt
005 20220918183324.0
006 a|||||r|||| 00| 0
007 ta
008 220917b |||||||| |||| 00| 0 eng d
024 _a37,348
037 _cTextual
040 _aARTS
_cARTS
_beng
041 _2eng
_aeng
082 _aO13:2xD6, 111G8-;1
100 _aOates Whitney J ed
_962534
245 0 _aComplete Greek drama etc
260 _c1938
650 _aENGLISH LITERATURE
700 _a O'Neill Eugene Jr ed
_962535
942 _hO13:2xD6, 111G8-;1
_cTEXL
_2CC
999 _c172250
_d172250